000 00527cam a2200193 4500500
005 20260329003056.0
041 _afre
042 _adc
100 1 0 _aNathan, Tobie
_eauthor
245 0 0 _aKhat
260 _c2014.
500 _a31
690 _aAfrique
690 _aDrogue
690 _aKhat
690 _aTobie Nathan
786 0 _nPhilosophie magazine | 82 | 9 | 2014-09-01 | p. 53-53 | 1951-1787
856 4 1 _uhttps://shs.cairn.info/magazine-philosophie-magazine-2014-9-page-53?lang=fr&redirect-ssocas=7080
999 _c1821235
_d1821235